|
|
|
|
| LEADER |
00000nam0a2200000 4500 |
| 001 |
294488 |
| 005 |
20231102000714.0 |
| 020 |
|
|
|a RU
|b 84-24281
|
| 035 |
|
|
|a (RuTPU)RU\TPU\book\319561
|
| 090 |
|
|
|a 294488
|
| 100 |
|
|
|a 20150514d1984 km y0rusy5003 ca
|
| 101 |
0 |
|
|a rus
|
| 102 |
|
|
|a RU
|
| 105 |
|
|
|a a z 001zd
|
| 200 |
1 |
|
|a Страницы истории советской живописи и советской графики
|f А. Д. Чегодаев
|
| 210 |
|
|
|a Москва
|c Советский художник
|d 1984
|
| 215 |
|
|
|a 486 с.
|c ил., цв. ил.
|
| 320 |
|
|
|a Указ. имен: с. 477-484
|
| 600 |
|
1 |
|a Фаворский
|b В. А.
|c российский график
|c живописец
|f 1886-1964
|g Владимир Андреевич
|2 stltpush
|3 (RuTPU)RU\TPU\pers\11987
|9 3095
|
| 600 |
|
1 |
|a Купреянов
|b Н. Н.
|c художник
|c станковый и книжный график
|c гравер
|f 1894-1933
|g Николай Николаевич
|2 stltpush
|3 (RuTPU)RU\TPU\pers\16214
|9 5761
|
| 600 |
|
1 |
|a Герасимов
|b С. В.
|g Сергей Васильевич
|c российский живописец, график
|f 1885-1964
|2 stltpush
|3 (RuTPU)RU\TPU\pers\12278
|
| 600 |
|
1 |
|a Сарьян
|b М. С.
|g Мартирос Сергеевич
|c российский живописец
|f 1880-1972
|2 stltpush
|3 (RuTPU)RU\TPU\pers\12338
|
| 600 |
|
1 |
|a Дейнека
|b А. А.
|g Александр Александрович
|c российский живописец
|c график
|f 1899-1969
|2 stltpush
|3 (RuTPU)RU\TPU\pers\12285
|
| 600 |
|
1 |
|a Бисти
|b Д. С.
|g Дмитрий Спиридонович
|c российский график
|f 1925-1990
|2 stltpush
|3 (RuTPU)RU\TPU\pers\12271
|
| 600 |
|
1 |
|a Пименов
|b Ю. И.
|g Юрий Иванович
|c российский живописец
|f 1903-1977
|2 stltpush
|3 (RuTPU)RU\TPU\pers\12326
|
| 606 |
1 |
|
|a Живопись
|x История
|2 stltpush
|3 (RuTPU)RU\TPU\subj\73356
|9 86388
|
| 606 |
1 |
|
|a Графика
|2 stltpush
|3 (RuTPU)RU\TPU\subj\8566
|9 35956
|
| 610 |
1 |
|
|a советская живопись
|
| 610 |
1 |
|
|a советская графика
|
| 610 |
1 |
|
|a книжная графика
|
| 610 |
1 |
|
|a станковое искусство
|
| 610 |
1 |
|
|a изобразительное искусство
|
| 610 |
1 |
|
|a 20 век
|
| 675 |
|
|
|a 75.03
|z rus
|v 3
|
| 675 |
|
|
|a 76
|z rus
|v 3
|
| 700 |
|
1 |
|a Чегодаев
|b А. Д.
|g Андрей Дмитриевич
|4 070
|
| 801 |
|
0 |
|a RU
|b RuMRKP
|c 19950704
|g psbo
|
| 801 |
|
1 |
|a RU
|b 63413507
|c 20150514
|
| 801 |
|
2 |
|a RU
|b 63413507
|c 20190205
|g RCR
|
| 942 |
|
|
|c BK
|